Haunted (TV) - Taylor Swift (All Lyrics) - Statistics

General Stats
  • This quiz has been taken 428 times
  • The average score is 286 of 321
Answer Stats
Lyrics % Correct
a
100%
I
100%
this
100%
You
100%
you
100%
don't
99%
like
99%
Come
98%
come
98%
leave
98%
me
98%
on,
98%
thought
98%
figured
97%
go
97%
had
97%
haunted
97%
no
97%
out
97%
all
96%
and
96%
And
96%
I'm
96%
so
96%
your
96%
can't
95%
Can't
95%
it
95%
now
95%
now,
95%
You're
94%
you're
94%
gone
93%
gone,
93%
know,
92%
know
92%
walk
91%
wanted
91%
fragile
90%
line
90%
Oh,
90%
Oh
90%
Something
90%
time
90%
time,
90%
back
89%
back,
89%
But
89%
have
89%
see
89%
to
89%
I'd
87%
known
87%
never
87%
Never
87%
wrong
87%
wrong)
87%
be
86%
breath
86%
my
85%
It's
83%
it's
83%
not
83%
Something's
83%
terribly
83%
(Terribly
83%
whenever
83%
break
82%
turn
81%
what
79%
again
78%
breathe
78%
holding
78%
live
78%
just
76%
we
76%
cold
74%
ever
74%
big
73%
mistake
73%
the
72%
anything
71%
nothing
71%
Won't
71%
eyes
70%
made
70%
away
69%
He
69%
he
69%
onto
68%
trust
68%
dark
67%
quiet
67%
getting
66%
was
66%
keeps
65%
started
65%
coming
63%
every
62%
over
62%
take
62%
instead
61%
try
61%
From
60%
said
60%
finish
59%
pain
59%
will
59%
wishing
58%
everything
57%
make
57%
there
57%
lose
56%
still
55%
watched
54%
word
53%
smile
52%
might
51%
whole
51%
Stood
48%
mean
47%
No matching quizzes found
Score Distribution
Percent of People with Each Score
Percentile by Number Answered
Your Score History
You have not taken this quiz